banner-ar

مانشيتات يوم القيامة / (Record no. 63210)

MARC details
000 -الفاتح
حقل البيانات ثابتة الطول 00703nam a22002297a 4500
005 - وقت وتاريخ اخر تعامل مع التسجيلة
رقم الضبط 20240530110629.0
008 - عناصر البيانات ثابتة الطول - معلومات عامة
حقل البيانات ثابتة الطول 170103s2015 ua f 000 0 ara d
017 ## - رقم الايداع القانونى
رقم الايداع القانونى 2014/22660
المصدر ( الهيئة المختصة) مصر. دار الكتب
020 ## - الرقم الدولى المعيارى للكتب
الرقم الدولى المعيارى للكتاب 9789770933183
040 ## - مصدر الفهرسة
وكالة الفهرسة الأصلية EG-CaGPL
وكالة النسخ EG-CaGPL
082 04 - رقم تصنيف ديوى العشرى
رقم الطبعة 21
رقم التصنيف 303.64
رقم المادة ق/أ م
100 0# - المدخل الرئيسى - إسم شخصى
الإسم الشخصى احمد سمير
245 10 - بيان العنوان
العنوان مانشيتات يوم القيامة /
بيان المسئوليه,etc احمد سمير
250 ## - بيان الطبعة
بيان الطبعة ط. 1
260 ## - PUBLICATION, DISTRIBUTION, ETC. (IMPRINT)
تاريخ النشر أو التوزيع 2015.
300 ## - الوصف المادى
التعداد 188 ص. ؛
أبعاد الوعاء 19 سم.
650 ## - المدخل الاضافى بالموضوع-مصطلح موضوعى
مصدر الرأس أو المصطلح qrmak
651 ## - المدخل الاضافى بالموضوع - اسم جغرافى
مصدر الرأس أو المصطلح qrmak
653 07 - مصطلح تكشيفى غير مقيد
مصطلح غير مقيد ثورة 25 يناير - مقالات
942 ## - عناصر المدخل الإضافي( كوها)
مصدر التصنيف او مخطط الترفيف Dewey Decimal Classification
Koha [default] item type كتاب
260 ## - PUBLICATION, DISTRIBUTION, ETC. (IMPRINT)
-- القاهرة :
-- دار الشروق ،
Holdings
حالة التراجع حالة الفقد حالة تلف ليس للاعارة المكان المؤقت الموقع الحالى موقع الترفيف تاريخ الاكتساب اجمالي اﻻعارات رقم الطلب الباركود تاريخ اخر مشاهدة تاريخ تفعيل السعر نوع وعاء كوها
        مكتبة القاهرة الكبرى مكتبة القاهرة الكبرى   01/11/2017   303.64 ق/أ م 163180 01/11/2017 01/11/2017 كتاب

Powered By

EGPV